Költségallokációs modell felépítése és működése az OT Industries esetében

Bibliográfiai részletek
Szerző: Csizmadia Levente
További közreműködők: Sisa Dr Krisztina
Dokumentumtípus: Záródolgozat
Kulcsszavak:Költségallokáció
OT Industries
Önköltségszámítás
2016
Online Access:http://dolgozattar.uni-bge.hu/9122

MARC

LEADER 00000nta a2200000 i 4500
001 dolg9122
005 20161219120522.0
008 161219suuuu hu o 000 hun d
040 |a BGE Dolgozattár Repozitórium  |b hun 
041 |a hu 
100 1 |a Csizmadia Levente 
245 1 0 |a Költségallokációs modell felépítése és működése az OT Industries esetében  |c Csizmadia Levente  |h [elektronikus dokumentum] 
246 1 1 |a Költségallokációs modell felépítése és működése az OT Industries esetében 
516 |a Final_paper 
695 |a Költségallokáció 
695 |a OT Industries 
695 |a Önköltségszámítás 
695 |a 2016 
700 1 |a Sisa Dr Krisztina  |e ths 
856 4 0 |u http://dolgozattar.uni-bge.hu/9122/1/1635_001.pdf  |z Dokumentum-elérés 
856 4 0 |u http://dolgozattar.uni-bge.hu/9122/7/1668_001.pdf  |z Dokumentum-elérés 
856 4 0 |u http://dolgozattar.uni-bge.hu/9122/18/Csizmadia_Levente_Szakdolgozat_2017%20%282%29.pdf  |z Dokumentum-elérés